=LDR 00000nam 2200000 4500 =001 INLIS000000000045281 =005 20150114115212.0 =006 =007 =008 =035 ##$$0010-011500000000107 =082 ##$$a310.240 =100 ##$$aKOENTJARANINGRAT =245 ##$$aMASALAH-MASALAH PEMBANGUNAN =260 ##$$a JAKARTA $c 1982 =850 ##$$a NBPNMAT =990 ##$$a 0001/BPAP-NTB/20142015